[Event "Wch Blitz 9th"]
[Site "Berlin"]
[Date "2015.10.14"]
[Round "18"]
[White "Gelfand, Boris"]
[Black "Carlsen, Magnus"]
[Result "0-1"]
[WhiteElo "2741"]
[BlackElo "2850"]
[Annotator "Schulz,Andre"]
[PlyCount "106"]
[EventDate "2015.10.13"]
[EventType "swiss (blitz)"]
[EventRounds "21"]
[EventCountry "GER"]
[SourceTitle "CBM 168 Extra"]
[Source "ChessBase"]
[SourceDate "2015.10.29"]
[SourceVersion "1"]
[SourceVersionDate "2015.10.29"]
[SourceQuality "1"]

1. d4 e6 2. c4 f5 3. g3 Nf6 4. Bg2 c6 5. Nh3 d6 6. Nc3 d5 7. O-O Be7 8. Bg5 O-O
9. Nf4 Na6 10. e3 Nc7 11. Qe2 Bd7 12. Nd3 Be8 13. Ne5 Nd7 14. Bxe7 Qxe7 15. f4
g5 16. cxd5 exd5 17. Qc2 Ne6 18. Qb3 Nxe5 19. dxe5 Rd8 20. Rad1 Bh5 21. Rd2
gxf4 22. exf4 Kh8 23. Kh1 d4 24. Ne2 Nc5 25. Qa3 Bxe2 26. Rxe2 Rfe8 27. Rd1 d3
28. Red2 Rd4 29. Qxa7 Red8 30. Kg1 Ne4 31. Bxe4 fxe4 {[#] Der Computer findet
die Stellung ausgeglichen, aber die beiden schwarzen Zentralfreibauern wirken
beunruhigend.} 32. Re1 $2 {Die Türme geraten nun unter Beschuss.} (32. Kf2 Qf8
33. Ke3 Rc4 $11) 32... Qb4 33. Rdd1 (33. Red1 $2 e3) 33... d2 {[#]} 34. Re2 $2
({Nötig war} 34. Re3 $17) 34... Qxb2 $2 {Vergibt den sofortigen Gewinn. Die
Angelegenheit wird nun unklar.} (34... Qc4 $1 35. Rg2 (35. Rf2 e3 $19) 35...
Qc2 {und Schluss.}) 35. Qc5 $11 Qxa2 36. Qe7 Qg8 $2 {Es geschehen einige
Fehler, aber nicht vergessen: es ist Blitz.} (36... Qc2 37. Qf6+ Kg8 38. Qg5+ {
mit Dauerschach wäre jetzt das korrekte Ende gewesen.}) 37. f5 $2 ({Weiß
konnte die Partie hier auf hübsche Weise für sich entscheiden:} 37. Rexd2 $1
Rxd2 38. Qf6+ Qg7 39. Qxd8+ Rxd8 40. Rxd8+ Qg8 41. Rxg8+ Kxg8 42. Kf2 Kf7 43.
Ke3 b5 44. Kxe4 c5 45. f5 $18) 37... Qg7 38. Qe6 (38. f6 Qxe7 39. fxe7 Re8 40.
Rexd2 Rxd2 41. Rxd2 Rxe7 42. Kf2 Kg8 $15) 38... Qg4 39. Qf6+ Qg7 40. Qe6 R4d5
41. f6 Qg6 42. Qe7 R5d7 43. Qc5 Qg5 44. Qe3 Qxe3+ 45. Rxe3 Kg8 {[#]} 46. e6 {
Eine wilde Schwefigurenschlacht mit fast ständig wechelnden Bewertungen.
Welche Freibauern machen das Rennen?} Rd4 47. Kf2 R8d6 48. e7 Rxf6+ 49. Ke2 Kf7
50. Rb3 b5 51. Rxd2 {[#]} Rf2+ 52. Kxf2 Rxd2+ 53. Ke3 Rd3+ {... die Schwarzen!}
0-1

[Event "Wch Blitz 9th"]
[Site "Berlin"]
[Date "2015.10.14"]
[Round "20"]
[White "Carlsen, Magnus"]
[Black "Ivanchuk, Vassily"]
[Result "0-1"]
[WhiteElo "2850"]
[BlackElo "2726"]
[Annotator "Schulz,Andre"]
[PlyCount "76"]
[EventDate "2015.10.13"]
[EventType "swiss (blitz)"]
[EventRounds "21"]
[EventCountry "GER"]
[SourceTitle "CBM 168 Extra"]
[Source "ChessBase"]
[SourceDate "2015.10.29"]
[SourceVersion "1"]
[SourceVersionDate "2015.10.29"]
[SourceQuality "1"]

1. d4 Nf6 2. Bg5 c5 3. Bxf6 gxf6 4. d5 Qb6 5. Qc1 f5 6. c4 d6 7. Nc3 Nd7 8. g3
Bg7 9. Nf3 Nf6 10. Nd2 Ne4 11. Ndxe4 fxe4 12. Bg2 Qb4 13. O-O Qxc4 14. Bxe4 h5
15. h4 Bg4 16. Re1 O-O-O 17. Rb1 Kb8 18. Bg2 Rhg8 19. Qe3 Bf6 20. Ne4 Bd4 21.
Qd2 Qxa2 $17 {Die weiße Eröffnung ist missglückt. Schwarz steht überlegen.}
22. Qf4 Rgf8 ({f7 hing eigentlich nicht.} 22... Be5 23. Qxf7 Rg7 {mit
Damenfang.}) 23. b4 Be5 24. Qe3 c4 25. Nc3 Qa6 26. Qd2 Rc8 27. e3 Bf5 28. Ra1
Qb6 29. Ra4 Bd3 30. Rea1 a6 31. Bf3 Rg8 32. Kg2 f5 33. Bxh5 Rcf8 (33... f4 $5 {
mit der Idee} 34. exf4 Qd4 35. fxe5 Bf1+ $19) 34. b5 {[#]} f4 $19 {Nach einer
freudlosen Partie muss Carlsen nun die Exekution seiner Stellung hinnehmen.}
35. exf4 Bxf4 36. Qe1 Bxg3 (36... Be5 $1 $19) 37. fxg3 Rf1 $2 (37... Qd4 $5)
38. Qd2 $2 (38. Qxf1 {ist gar nicht so klar.} Bxf1+ 39. Rxf1 axb5 40. Rb4 {
Weiß hat Turm und zwei Leichtfiguren für die Dame, z.B.:} Qe3 41. Rf3 Qe5 42.
g4 Qxh5 43. Rf8+ Kc7 44. Rxg8 $13) 38... Qg1+ (38... Qg1+ 39. Kh3 Qxg3#) 0-1

[Event "London Classic 7th"]
[Site "London"]
[Date "2015.12.04"]
[Round "1"]
[White "Vachier Lagrave, Maxime"]
[Black "Carlsen, Magnus"]
[Result "1/2-1/2"]
[WhiteElo "2765"]
[BlackElo "2850"]
[Annotator "CB"]
[PlyCount "56"]
[EventDate "2015.12.04"]
[EventType "tourn"]
[EventRounds "9"]
[EventCountry "ENG"]
[EventCategory "22"]
[SourceTitle "CBM 170"]
[Source "ChessBase"]
[SourceDate "2016.01.15"]
[SourceVersion "1"]
[SourceVersionDate "2016.01.15"]
[SourceQuality "1"]
[TimeControl "7200+1605"]
[WhiteClock "1:03:14"]
[BlackClock "0:59:43"]

1. e4 c5 2. Nf3 Nc6 3. d4 cxd4 4. Nxd4 Nf6 5. Nc3 e5 6. Ndb5 d6 7. Bg5 a6 8.
Na3 b5 9. Nd5 Be7 10. Bxf6 Bxf6 11. c3 O-O (11... Ne7 12. Nc2 Nxd5 13. Qxd5 Rb8
14. Nb4 Bb7 15. Qd3 O-O 16. Be2 a5 17. Nd5 b4 18. O-O bxc3 19. bxc3 Bg5 20.
Rab1 Qd7 21. Rb3 Bc6 22. Rfb1 Rxb3 23. Rxb3 g6 24. Rb6 Rc8 25. h3 Bxd5 26. Qxd5
Rxc3 27. Rxd6 Qe7 28. Bd1 Rc7 29. g3 Kg7 30. Ba4 Bc1 31. Rc6 {1/2-1/2 (31)
Giri,A (2793)-Carlsen,M (2853) Saint Louis USA 2015}) (11... Bg5 12. Nc2 O-O
13. a4) 12. Nc2 Rb8 13. a4 $6 {wurde hinterher von Carlsen als ungenau
kritisiert - Vachier-Lagrave verwechselte vermutlich die Varianten} (13. Be2) (
{oder das aggressivere} 13. h4 {versprechen Weiß mehr Aussichten}) 13... bxa4
14. Ncb4 Nxb4 15. cxb4 Bb7 16. Rxa4 Qc8 (16... Bxd5 {wäre vielleicht eine
Möglichkeit gewesen, die Spannung noch weiter aufrecht zu halten} 17. Qxd5 Qd7
18. b3 Rfc8 19. Ra1 (19. Bc4 $2 Rxc4 20. Qxc4 Rc8 $19) 19... Qg4 $1 (19... Rxb4
20. Bxa6 {und hier kann Weiß nicht schlechter stehen}) 20. h3 Qg5 {und Weiß
hat Probleme, den König aus dem Zentrum zu bekommen}) 17. Nxf6+ gxf6 18. Bd3
Bc6 19. Rxa6 Rxb4 20. O-O Rd4 21. Qf3 Bxe4 {führt forciert ins Dauerschach,
doch Schwarz hat keine vorteilsversprechenden Fortsetzungen zur Verfügung} 22.
Bxe4 Qxa6 23. Qg4+ Kh8 24. Qf5 Rxe4 25. Qxf6+ Kg8 26. Qg5+ Kh8 27. Qf6+ Kg8 28.
Qg5+ Kh8 1/2-1/2

[Event "London Classic 7th"]
[Site "London"]
[Date "2015.12.05"]
[Round "2"]
[White "Carlsen, Magnus"]
[Black "Caruana, Fabiano"]
[Result "1/2-1/2"]
[WhiteElo "2850"]
[BlackElo "2787"]
[Annotator "Sagar Shah/CB Website"]
[PlyCount "84"]
[EventDate "2015.12.04"]
[EventType "tourn"]
[EventRounds "9"]
[EventCountry "ENG"]
[EventCategory "22"]
[SourceTitle "CBM 170"]
[Source "ChessBase"]
[SourceDate "2016.01.15"]
[SourceVersion "1"]
[SourceVersionDate "2016.01.15"]
[SourceQuality "1"]

1. e4 e5 2. Nf3 Nc6 3. Bb5 Nf6 4. O-O Nxe4 5. Re1 {Magnus goes for a pretty
sedate line, trying to get a small edge.} Nd6 6. Nxe5 Be7 7. Bf1 Nxe5 8. Rxe5
O-O 9. Nc3 Ne8 10. Nd5 Bd6 11. Re1 c6 12. Ne3 Be7 13. c4 Nc7 14. d4 d5 15. cxd5
Nxd5 16. Nxd5 cxd5 17. Bf4 {All of this has been seen before in the game
Areshechenko-Bacrot in June 2015. White won that game. The position is very
symmetrical. However, White seems to have a small edge due to the better
placement of his pieces, like the rook being on e1 and the bishop on f4.
However, this is nothing much.} Bf6 {.} 18. Be5 Bxe5 19. Rxe5 {One of the
reasons why White should have a small edge here is because the d5-pawn is on a
light square, which means that the bishop on c8 is slightly a bad piece.} Re8
20. Rxe8+ Qxe8 21. Qb3 {Magnus was playing his moves pretty quickly and
confidently.} Qc6 22. Bb5 Qb6 {Black is ready to sacrifice his d5 pawn in
order to get some counterplay.} (22... Qd6 23. Rc1 (23. Re1 Be6 $11) 23... Be6
{also looks fine. But Caruana wanted to be more precise and hence chose ...Qb6
over ...Qd6.}) 23. Qxd5 a6 $1 {Very accurate.} (23... Be6 24. Qc5 $1 Qxc5 25.
dxc5 $16 {is just an extra pawn.}) 24. Bd3 {Magnus retreats to a square where
he can create some mating threats with Bd3.} Be6 25. Qe4 g6 26. d5 {It seems
as if White has things going his way but Caruana has everything under control.}
Bf5 27. Qe2 Bxd3 28. Qxd3 Qxb2 {Black recovers the pawn. However, the d5-pawn
is not at all a unit that should be underestimated.} 29. Re1 Rd8 30. d6 Rd7 {
Stopping the pawn in its tracks. This is not all easy to defend but Caruana
does a fine job.} (30... Qxa2 31. Qd4 $1 {looks pretty dangerous with Qf6
coming up next.}) 31. g3 $5 {Magnus takes out time to secure his back rank.}
Qf6 32. Rd1 Qe5 33. Qa3 a5 34. f4 {This move might well be strong practically,
however in the end it was this move that led to the perpetual check.} Qe2 35.
Qc1 Qe6 36. Qc5 b5 37. Qxb5 (37. Qe5 $11 {Anand and Aronian analysed this move
in their press conference and it is also equal.}) 37... Rxd6 $1 {Caruana is
tactically alert and sacrifices his rook in order to get a perpetual check.}
38. Qb8+ Kg7 39. Qxd6 Qe3+ 40. Kg2 Qe2+ 41. Kg1 Qe3+ 42. Kg2 Qe2+ 1/2-1/2

[Event "London Classic 7th"]
[Site "London"]
[Date "2015.12.06"]
[Round "3"]
[White "Anand, Viswanathan"]
[Black "Carlsen, Magnus"]
[Result "1/2-1/2"]
[WhiteElo "2803"]
[BlackElo "2850"]
[Annotator "Roiz,M"]
[PlyCount "111"]
[EventDate "2015.12.04"]
[EventType "tourn"]
[EventRounds "9"]
[EventCountry "ENG"]
[EventCategory "22"]
[SourceTitle "CBM 170"]
[Source "ChessBase"]
[SourceDate "2016.01.15"]
[SourceVersion "1"]
[SourceVersionDate "2016.01.15"]
[SourceQuality "1"]

1. e4 e5 2. Nf3 Nc6 3. Bb5 Nf6 4. O-O Nxe4 5. d4 Nd6 6. Bxc6 dxc6 7. dxe5 Nf5
8. Qxd8+ Kxd8 9. Nc3 Ke8 10. h3 Be6 11. Rd1 Bc5 {Magnus chooses a somewhat
dubious, but unexplored theoretical continuation. This position had been seen
in only 1 game before.} ({The most common alternatives are} 11... Bb4 12. Ne2
Bd5 13. Ned4 Nxd4 14. Nxd4 Rd8 15. Bd2 (15. Be3 $5) 15... Bc5 16. Nf5 Bf8 17.
Be3 b6 18. f3 Be6 19. g4 Rd5 $11 {1/2 Vachier Lagrave,M (2722)-Fressinet,L 
(2698)/Caen 2011}) ({and} 11... h6 12. b3 Rd8 13. Bb2 Bb4 14. Ne2 Bd5 15. Nfd4
Be4 16. c4 Nxd4 17. Nxd4 Ke7 18. f3 Bg6 $11 {1/2 Hou Yifan (2671)-Mamedyarov,S
(2736)/Baku AZE 2015}) 12. g4 $1 $146 {This natural advance is a novelty. It
definitely makes sense to make progress on the kingside as soon as possible.} (
{In the preceding game Black didn't experience any problems after} 12. Bf4 h6
13. a3 Rd8 $11 {Parma,B-Bisguier,A/Caracas 1970}) 12... Ne7 13. Ng5 Bd5 ({
It looks like} 13... Ng6 {doesn't fully solve the problems either:} 14. Kg2 $1
({After} 14. Nce4 Be7 15. Nxe6 fxe6 16. f4 Rf8 17. Rf1 Rd8 18. Be3 b6 19. Kg2 {
White's position is more pleasant, but it would bew very difficult to make any
progress}) 14... Be7 (14... h5 15. Nxe6 fxe6 16. f4 Rf8 17. Ne4 Be7 18. Rf1 Rd8
19. Be3 $14) 15. Nxe6 fxe6 16. f4 Rf8 17. Ne2 Rd8 18. Be3 $14) 14. Nge4 ({
The following line} 14. Nxd5 $5 cxd5 15. e6 f6 16. Nf7 Rf8 17. Bf4 Rc8 18. Rd3
$14 {looks somewhat scary for White - the Nf7 has no vacant squares. However,
Black's position is very passive here, so it was an option worth considering.})
14... Bb6 {Black experiences some problems with connecting the rooks.} 15. Kg2
{Vishy doesn't hurry with any ''drastic'' decisions.} ({A more energetic way
of handling the position was} 15. a4 $5 a5 16. Nxd5 cxd5 17. Ng3 $14) 15... Rd8
16. Bf4 ({For some reason, Anand rejected the most natural} 16. Kg3 Ng6 17. f4
{, though White's position looks quite attractive here. For instance,} h5 18.
Nxd5 Rxd5 19. Bd2 $14) 16... Ng6 17. Bg3 h5 ({The immediate attempt to connect
the rooks is dubious:} 17... Ke7 $6 18. f4 $1 Rhe8 19. Nxd5+ cxd5 20. Nc3 d4
21. Ne4 $16) 18. f4 hxg4 19. hxg4 {One of Black's rooks has a job to do along
the h-file, but their position is still rather passive.} Ke7 {One more risky
decision. The king is getting vulnerable now.} (19... Nh4+ 20. Bxh4 Rxh4 21.
Kg3 Rh8 22. Rh1 Ke7 23. Rxh8 Rxh8 24. Rd1 Rd8 25. Ng5 $14) 20. Rh1 ({Another
possible move was} 20. Nxd5+ $5 cxd5 21. Nc3 c6 (21... d4 22. Na4 f6 23. Nxb6
axb6 24. exf6+ Kxf6 25. f5 $14) 22. Rh1 {White's pieces are somewhat more
active, so Black is under pressure. For instance,} Bc7 23. Ne2 f6 24. e6 $14)
20... Bd4 21. Nxd5+ cxd5 22. Nc3 (22. Ng5 $5 Rxh1 (22... Bxb2 23. Rxh8 Nxh8 24.
Rb1 Bd4 25. f5 $16) 23. Rxh1 Rh8 24. Rd1 Be3 25. Kf3 d4 26. Ne4 $14) 22... Bxc3
23. bxc3 {Black has been able to simplify matters and damage White's pawn
structure, but the poor placement of theNg6 and vulnerablity of his king make
the position very dangerous.} Kd7 24. f5 Ne7 25. Rae1 $6 {Spoiling the lion's
share of his advantage.} ({A much more energetic and stronger move would be} 
25. Rhf1 $1 Nc8 (25... Rde8 26. Rad1 Kc8 27. c4 $1 $16 dxc4 $140 28. e6 fxe6
29. fxe6 Nc6 30. Rf7 $18) 26. e6+ fxe6 27. fxe6+ Kc6 28. Rf7 Nd6 29. Rxg7 Rdg8
30. Rxg8 Rxg8 31. Kf3 $16) 25... Rde8 26. Kf3 $6 {Mistakes rarely come alone!}
({The precise} 26. Bf4 {would keep Black under pressure:} Rxh1 27. Rxh1 Nc6 28.
Rh7 Rg8 29. Kf3 $14) 26... Rxh1 27. Rxh1 Nc6 {Now it is obvious, that the K is
misplaced on f3.} 28. Re1 {Alas, leaving the open file is the only way to
fight for a win now.} ({Indeed, after} 28. Rh7 Nxe5+ {Black manages to solve
all his problems:} 29. Bxe5 (29. Kf4 f6 30. Rxg7+ Re7 $11) 29... Rxe5 30. Rxg7
Ke7 $11) 28... g5 {An interesting move - now White has less space for the
pieces.} ({Another possibility was} 28... Na5 29. g5 Nc4 30. Kg4 b6 31. g6 fxg6
32. e6+ Ke7 33. Bh4+ Kd6 $11) 29. a4 a6 30. Kg2 ({Another, more aggressive way
of handling the position was} 30. c4 $5 dxc4 (30... Nd4+ 31. Kf2 Nxc2 32. Rd1
d4 33. Rd2 Nb4 34. Rxd4+ Kc8 35. Kf3 $14) 31. Rd1+ Ke7 32. Ke4 $44 {obtaining
excellent compensation for a pawn.}) 30... Kc8 31. Kf2 b6 32. Kf3 Kd7 {It is
very difficult for either side to make any progress now.} 33. Kf2 Kc8 34. Re3
$6 {For some reason, Vishy deviates from repeating the moves, but letting
Black put the knight on c4 is a serious mistake.} (34. Kf3 $11) 34... Na5 $1 {
Suddenly White finds himself in a difficult situation.} 35. Re1 (35. e6 fxe6
36. fxe6 Rf8+ 37. Kg2 Nc4 38. Re1 Re8 39. Bf2 Kd8 40. Be3 Rg8 $17) 35... Nc4
36. Kf3 Kd7 $6 {This natural move seems to be inaccurate, though the
refutation isn't trivial...} (36... a5 {was stronger} {and if} 37. Rh1 {then}
Nxe5+ 38. Bxe5 Rxe5 39. Rh7 Re7 40. Rh5 b5 {and the a-passer should decide the
game:} 41. Rxg5 bxa4 42. f6 Re6 43. Rxd5 Rxf6+ 44. Ke3 Kb7 $19) 37. Kg2 $6 ({
It was the right moment for liquidating into a rook ending at the cost of a
pawn:} 37. Rh1 $1 Nxe5+ 38. Bxe5 Rxe5 39. Rh5 Re4 40. Rxg5 Rxa4 41. Rh5 {
with sufficient counterplay.}) 37... a5 38. Kf2 $2 {The waiting strategy isn't
a successful approach here.} ({The active way of defending was more to the
point:} 38. Rh1 $1 Nxe5 39. Rh7 b5 $1 (39... Kd8 40. Bxe5 Rxe5 41. Rxf7 Re2+
42. Kf3 Rxc2 43. Rg7 Rxc3+ 44. Kf2 $11) 40. axb5 a4 41. Bxe5 Rxe5 42. Rxf7+ Re7
43. Rf6 Re4 44. Kf3 {White's position seems difficult here, but the limited
material balance offers definite drawing chances.}) 38... c6 39. Kg2 b5 40. Rb1
Rh8 $2 {Returning the favour.} ({There was no reason for rejecting} 40... Nxe5
41. axb5 Nxg4 {and Black should be able to convert the extra pawn into the
full point. For instance,} 42. b6 Ne3+ 43. Kf3 g4+ 44. Kf4 f6 45. Bf2 Kc8 46.
b7+ Kb8 47. Kg3 a4 48. Ra1 Re4 $19) 41. Bf2 $1 {Vishy doesn't miss the golden
opportunity to activate his bishop.} Nxe5 ({White is doing OK also after} 41...
Rb8 42. Bd4 Kc7 43. Kg3 $132 bxa4 $140 $2 44. Rxb8 Kxb8 45. e6 fxe6 46. f6 $18)
42. axb5 Nxg4 ({The b-passer offers White sufficient counterplay after} 42...
Nc4 43. b6 Rb8 44. Bc5 Rb7 45. Ra1 $11) 43. bxc6+ Kxc6 44. Bd4 Re8 45. Kg3 {
Now all White's pieces are perfectly placed.} Ne5 ({Nor was anything promised
by} 45... Re4 46. Rb6+ Kc7 47. Ra6 Ne3 48. Bxe3 Rxe3+ 49. Kg4 Rxc3 50. Kxg5
Rxc2 51. Rxa5 Kd6 52. Ra7 d4 53. Kf4 $11) 46. Rb6+ Kc7 47. Rf6 Kd7 ({Or} 47...
a4 48. Bxe5+ Rxe5 49. Rxf7+ Kb6 50. Rf6+ Kb5 51. Rf8 $11) 48. Bxe5 Rxe5 49. Kg4
({There was nothing wrong with} 49. Rxf7+ Re7 50. Rf6 $11) 49... Ke7 50. Kxg5 {
There is no way to avoid a draw now.} Re1 (50... Re3 51. Ra6 f6+ 52. Kg4 Rxc3
53. Rxa5 $11) 51. Ra6 f6+ 52. Kg4 Rg1+ 53. Kf4 Rf1+ 54. Kg4 Rg1+ 55. Kf4 Rf1+
56. Kg4 1/2-1/2